Case law (Record no. 75484)

MARC details
000 -LEADER
fixed length control field 01370cab a2200205 4500
001 - CONTROL NUMBER
control field L130171
008 - FIXED-LENGTH DATA ELEMENTS--GENERAL INFORMATION
fixed length control field 050630n2005 000 0 eng u
035 ## - SYSTEM CONTROL NUMBER
System control number (Sirsi) u130171
041 ## - LANGUAGE CODE
Language code of text/sound track or separate title eng
100 ## - MAIN ENTRY--PERSONAL NAME
Personal name Gordon, Warren
245 ## - TITLE STATEMENT
Title Case law
Remainder of title Crestfort and others v Tesco Stores and Magspeed
260 ## - PUBLICATION, DISTRIBUTION, ETC.
Date of publication, distribution, etc. 2005
490 ## - SERIES STATEMENT
Series statement Property Week
Volume/sequential designation 70(24) 17 June 2005, 71(1)
490 ## - SERIES STATEMENT
Series statement Estates Gazette
Volume/sequential designation [2005] 37 EG 148-160(13)
520 ## - SUMMARY, ETC.
Summary, etc. Discusses the case, "Crestfort and others v Tesco Stores and Magspeed" (L130057) which considered the provisions of Tesco's sublease. Tesco had gone ahead with a subletting to Magspeed despite their landlords', Crestfort and others, refusal on the grounds that the terms of the sublease contained watered-down provisions. Crestfort began proceedings to remove Magspeed and take out an injunction requiring Magspeed to surrender its lease to Tesco. The court agreed with the landlords and held that Tesco was in breach of covenant when it granted the subletting and also that Magspeed was liable in damages to Crestfort because it had interfered in the landlords and tenant contract.
590 ## - LOCAL NOTE (RLIN)
Local note IKA040705
650 ## - SUBJECT ADDED ENTRY--TOPICAL TERM
Topical term or geographic name entry element CRESTFORT LIMITED AND OTHERS V TESCO STORES LIMITED AND ANOTHER
690 ## - LOCAL SUBJECT ADDED ENTRY--TOPICAL TERM (OCLC, RLIN)
Topical term or geographic name as entry element PROPERTY-COMMERCIAL PROPERTY-LEASEHOLD COMMERCIAL PROPERTY-COMMERCIAL LANDLORD AND TENANT-COMMERCIAL LEASES
942 ## - ADDED ENTRY ELEMENTS (KOHA)
Suppress in OPAC 0
Holdings
Withdrawn status Lost status Source of classification or shelving scheme Damaged status Not for loan Home library Current library Shelving location Date acquired Total Checkouts Full call number Barcode Date last seen Copy number Price effective from Koha item type
    Dewey Decimal Classification     London London Journal article 30/06/2005   L130171 130171-1001 06/08/2019 1 06/08/2019 Journal article